Erase Africa Quiz Stats

 Plays Quiz Updated Jul 2, 2018

Support Sporcle.
Go Orange.
Score 0/54 Timer 05:00
424 Plays Today
% Correct
???
36.6%
???
36.5%
???
36.4%
???
35.3%
???
34.5%
???
34.5%
???
34.4%
???
34.4%
???
34.3%
???
33.8%
???
33.6%
???
33%
???
32.1%
???
31.9%
???
31.8%
???
31.5%
???
31.5%
???
31.4%
???
31.3%
???
31.2%
???
30.8%
???
30.7%
???
30.5%
???
30.4%
???
29.4%
???
29.1%
???
29%
% Correct
???
28.9%
???
28.9%
???
28.7%
???
28.4%
???
28.4%
???
27.9%
???
27.8%
???
27.4%
???
27.3%
???
27.2%
???
27.1%
???
27.1%
???
27.1%
???
27.1%
???
27%
???
26.9%
???
26.8%
???
26.3%
???
25.7%
???
25.4%
???
25.1%
???
24.4%
???
24.1%
???
24%
???
23%
???
22.3%
???
21.4%

You're not logged in!

Compare scores with friends on all Sporcle quizzes.
OR
Log In

From the Vault

Negative Sports Logos

by Darzlat

Consider these the alternate of the alternate team colors.
Remove Ads.
Support Sporcle.
Get the best of Sporcle when you Go Orange. This ad-free experience offers more features, more stats, and more fun while also helping to support Sporcle. Thank you for becoming a member.

Show Comments

Extras

Top Quizzes Today


Score Distribution

Your Account Isn't Verified!

In order to create a playlist on Sporcle, you need to verify the email address you used during registration. Go to your Sporcle Settings to finish the process.

Report this User

Report this user for behavior that violates our Community Guidelines.

Details: